Anglo-russkij slovar' po vyčislitel'noj technike okolo 34 000 terminov

Gespeichert in:
Bibliographische Detailangaben
Format: Buch
Sprache:Russisch
Englisch
Veröffentlicht: Moskva Russkij jazyk 1984
Ausgabe:3. pererab. i dopoln. izd.
Tags: Tag hinzufügen
Keine Tags, Fügen Sie das erste Tag hinzu!

MARC

LEADER 00000nam a2200000 4500
001 c108898
005 20250827103421.7
041 0 |a rus 
041 0 |a eng 
044 |a RU 
245 1 0 |a Anglo-russkij slovar' po vyčislitel'noj technike  |b okolo 34 000 terminov  |c Viktor Karlovič Zejdenberg, Aleksej Nikolajevič Zimarov, A.M. Stepanov 
250 |a 3. pererab. i dopoln. izd. 
264 1 |a Moskva  |b Russkij jazyk  |c 1984 
300 |a 503 s.